Responses for Show #3594 - Thursday, March 30, 2000

Contestants

[<< previous game]

Lori Callan, a project manager from San Francisco, California

Greg Lau, an account manager from Piedmont, California

Jennifer Yuan, a web designer from Philadelphia, Pennsylvania (whose 2-day cash winnings total $13,601)

[next game >>]

Jeopardy! Round responses

INVENTORS & INVENTIONS
TV POTPOURRI
2000 CARS
FRAIDY CAT
PUERTO RICO
BEGINS & ENDS IN "C"
    $100 8
Edison

Jennifer
    $100 3
New York

Lori
    $100 16
electric

Jennifer
    $100 21
heights

Lori
    $100 26
(Greg: What's the consul general?)
(Lori: What is the president?)

governor

GregLori
Triple Stumper
    $100 1
comic

Jennifer
    $200 9
Eli Whitney

Greg
    $200 4
60 Minutes

Lori
    $200 17
Volvo

Lori
    $200 22
sun

Lori
    $200 27
San Juan

Jennifer
    $200 2
(Jennifer: What is Civic?)

Classic

JenniferLori
    $300 10
(Greg: Who is Polaroid?)

(Edwin) Land

GregLori
    $300 5
Family Matters

Triple Stumper
    $300 18
de Ville

Greg
    $500 23
black & white

Lori
    $300 28
Columbus

Lori
    $300 11
cynic

Jennifer
    $400 14
Linus Yale

Triple Stumper
    $400 6
Anthony Geary

Lori
    $400 19
Oldsmobile

Jennifer
    $400 24
pleasure

Jennifer
    $400 29
red, white & blue

Greg
    $400 12
cognac

Greg
    $500 15
Corning

Greg
    $500 7
Hunter

Greg
    $500 20
Subaru

Greg
    $500 25
shadows

Triple Stumper
    $500 30
Juan Carlos

Lori
    $500 13
carcinogenic

Jennifer

Scores at the first commercial break (after clue 15):

Jennifer Greg Lori
$800 $1,300 $1,200

Scores at the end of the Jeopardy! Round:

Jennifer Greg Lori
$1,900 $2,400 $2,900

Double Jeopardy! Round responses

GEOGRAPHY
UNUSUAL WEAPONS
CLASSICAL MUSIC
PRESIDENTIAL RHYME TIME
'77
STRIP SUNSETS
    $200 1
Sydney

Greg
    $200 6
brass knuckles

Lori
    $200 22
fantasia

Jennifer
    $200 13
Bill's dills

Lori
    $200 7
Rosalynn Carter

Jennifer
    $200 12
Peanuts

Lori
    $400 2
-an

Greg
    $400 15
trident

Jennifer
    $400 23
Chopin

Jennifer
    $400 14
(Jennifer: Who's Polk folks?)

Polk's folks (Polk folk)

JenniferGreg
    $400 8
Concorde

Triple Stumper
    $1,000 3
Congo

Greg
    $600 17
switchblade

Lori
    $600 26
barcarolle

Triple Stumper
    $600 16
Chester's jesters

Greg
    $600 9
Indira Gandhi

Lori
    $800 4
(Lori: What is Egypt & the Sudan?)

Saudi Arabia & Iraq

Lori
Triple Stumper
    $800 19
blowgun

Jennifer
    $800 25
Peer Gynt Suite

Jennifer
    $800 18
Harrison's garrisons

Greg
    $800 10
Tutankhamun

Lori
    $800 28
(Jennifer: What is Flash Gordon?)

Buck Rogers

Jennifer
Triple Stumper
    $1000 5
Mount Erebus

Triple Stumper
    $1000 20
nunchucks

Greg
    $1000 24
(Jennifer: What is Cremora?)

Cremona

Jennifer
Triple Stumper
    $1000 21
...
[Jennifer named the birds sounding like "pluh-vers." while Alex acknowledged "ploh-vers" to make the rhyme work was an acceptable alternate pronunciation.]

Grover's plovers

Jennifer
    $700 11
"I Write the Songs"

Lori
    $1000 27
Joe Palooka

Triple Stumper

Scores at the end of the Double Jeopardy! Round:

Jennifer Greg Lori
$3,500 $6,800 $5,400

[wagering suggestions for these scores]

Final Jeopardy! Round responses

ACTRESSES
[Laughter as Greg's response was revealed]
(Alex: Your mom is Henry Fonda's granddaughter? Well, you have some solid acting genes in your household.)
JenniferWho is Bridget Fonda?
$700
LoriWho is Bridget Fonda
$5,300
GregWho is my mom
$4,222
Bridget Fonda

Final scores:

Jennifer Greg Lori
$4,200 $2,578 $10,700
2nd place: trip to Barbados & stay at Almond Resorts 3rd place: 1-800-Gift Certificate New champion: $10,700

Game dynamics:

Coryat scores:

Jennifer Greg Lori
$3,500 $6,400 $5,500
15 R,
4 W
14 R
(including 1 DD),
2 W
18 R
(including 2 DDs),
2 W

Combined Coryat: $15,400

[game clues] [game scores] [suggest correction]

Game tape date: 2000-01-12
The J! Archive is created by fans, for fans. Scraping, republication, monetization, and malicious use prohibited; this site may use cookies and collect identifying information. See terms. The Jeopardy! game show and all elements thereof, including but not limited to copyright and trademark thereto, are the property of Jeopardy Productions, Inc. and are protected under law. This website is not affiliated with, sponsored by, or operated by Jeopardy Productions, Inc. Join the discussion at JBoard.tv.